header

Martin Luther, Roman Catholic prophet (Record no. 9772)

MARC details
000 -LEADER
fixed length control field 01390nam a2200337Ia 4500
001 - CONTROL NUMBER
control field ebr10022592
003 - CONTROL NUMBER IDENTIFIER
control field CaPaEBR
006 - FIXED-LENGTH DATA ELEMENTS--ADDITIONAL MATERIAL CHARACTERISTICS--GENERAL INFORMATION
fixed length control field m u
007 - PHYSICAL DESCRIPTION FIXED FIELD--GENERAL INFORMATION
fixed length control field cr cn|||||||||
008 - FIXED-LENGTH DATA ELEMENTS--GENERAL INFORMATION
fixed length control field 010823s2001 wiu sb 001 0 eng d
020 ## - INTERNATIONAL STANDARD BOOK NUMBER
Cancelled/invalid ISBN 0874626498 (pbk. : alk. paper)
040 ## - CATALOGING SOURCE
Original cataloging agency CaPaEBR
Transcribing agency CaPaEBR
035 ## - SYSTEM CONTROL NUMBER
System control number (OCoLC)614709918
050 14 - LIBRARY OF CONGRESS CALL NUMBER
Classification number BR334.3
Item number .S63 2001eb
082 04 - DEWEY DECIMAL CLASSIFICATION NUMBER
Classification number 284.1/092
Edition number 21
100 1# - MAIN ENTRY--PERSONAL NAME
Personal name Sobolewski, Gregory,
Dates associated with a name 1955-
245 10 - TITLE STATEMENT
Title Martin Luther, Roman Catholic prophet
Medium [electronic resource] /
Statement of responsibility, etc by Gregory Sobolewski.
260 ## - PUBLICATION, DISTRIBUTION, ETC. (IMPRINT)
Place of publication, distribution, etc Milwaukee, Wisc. :
Name of publisher, distributor, etc Marquette University Press,
Date of publication, distribution, etc 2001.
300 ## - PHYSICAL DESCRIPTION
Extent 187 p.
490 1# - SERIES STATEMENT
Series statement Marquette studies in theology ;
Volume number/sequential designation no. 25
504 ## - BIBLIOGRAPHY, ETC. NOTE
Bibliography, etc Includes bibliographical references and index.
533 ## - REPRODUCTION NOTE
Type of reproduction Electronic reproduction.
Place of reproduction Palo Alto, Calif. :
Agency responsible for reproduction ebrary,
Date of reproduction 2009.
Note about reproduction Available via World Wide Web.
-- Access may be limited to ebrary affiliated libraries.
600 10 - SUBJECT ADDED ENTRY--PERSONAL NAME
Personal name Luther, Martin,
Dates associated with a name 1483-1546.
610 20 - SUBJECT ADDED ENTRY--CORPORATE NAME
Corporate name or jurisdiction name as entry element Catholic Church
General subdivision Doctrines
-- History
Chronological subdivision 20th century.
Corporate name or jurisdiction name as entry element Catholic Church
General subdivision Teaching office
-- History
Chronological subdivision 20th century.
650 #0 - SUBJECT ADDED ENTRY--TOPICAL TERM
Topical term or geographic name as entry element Church history.
655 #7 - INDEX TERM--GENRE/FORM
Genre/form data or focus term Electronic books.
Source of term local
710 2# - ADDED ENTRY--CORPORATE NAME
Corporate name or jurisdiction name as entry element ebrary, Inc.
830 #0 - SERIES ADDED ENTRY--UNIFORM TITLE
Uniform title Marquette studies in theology ;
Volume number/sequential designation #25.
856 40 - ELECTRONIC LOCATION AND ACCESS
Uniform Resource Identifier <a href="http://site.ebrary.com/lib/rucke/Doc?id=10022592">http://site.ebrary.com/lib/rucke/Doc?id=10022592</a>
Public note An electronic book accessible through the World Wide Web; click to view

No items available.

© 2026 Rongo University
Contact us: librarian | system librarian | Rongo university